| 000 | 01021nam a2200289 i 4500 | ||
|---|---|---|---|
| 003 | DO-SdBNP | ||
| 005 | 20240626093800.0 | ||
| 007 | ta | ||
| 008 | 240626b1966 xxuc || 000 0 eng d | ||
| 040 |
_aDO-SdBNP _bspa _cBNPHU _erda |
||
| 082 | 4 |
_a973.9210924 _bC989 _222 |
|
| 100 | 1 |
_aCutler, Robert _eautor _d1895-1974. _985820 |
|
| 245 | 1 | 0 |
_aNo time for rest / _cRobert Cutler |
| 264 | 1 |
_aBoston, Estados Unidos : _aToronto, Canada : _bLittle, brown and company, _c2016. |
|
| 300 |
_a[50] páginas : _bretratos _c22 cm. |
||
| 336 |
_2rdacontent _atexto _btxt |
||
| 337 |
_2rdamedia _asin mediación _bn |
||
| 338 |
_2rdacarrier _avolumen _bnc |
||
| 500 | _aEl libro en sus paginaciones comienza en el vii-ix, 372 al 412. | ||
| 500 | _aLibro en ingles. | ||
| 590 | _aInventariado, 2024/ YL | ||
| 600 | 1 | 4 |
_a Cutler, Robert, _d1895-1974. _985821 |
| 651 | 4 |
_aEstados Unidos _xPolítica y gobierno _y1945- _985822 |
|
| 651 | 4 |
_aEstados Unidos _xHistoria, Militar _ySiglo XX. _985823 |
|
| 910 | _aYLockward | ||
| 942 |
_2ddc _cLBS1 |
||
| 999 |
_c57001 _d57001 |
||